| Registos Bibliográficos associados ao registo de autoridade |
|
Etiqueta de registo: 00000nam 2200025 450 001 2280424 003 http://id.bnportugal.gov.pt/bib/catbnp/2280424 100 ## $a20260316d2025 k y0pory01030103ba 101 0# $apor$deng 102 ## $aPT 105 ## $aa m 000yy 106 ## $ar 200 1# $aPublicidade e arte urbana$e a difusão da imagem num contexto de redes$fMariana Sacramento Costa dos Reis$gorient. Maria Teresa Silva Guerreiro Mendes Flores 210 #9 $aLisboa$c[s.n.],$d2025 215 ## $a256 p.$cil.$d30 cm 328 #1 $aTese dout. Arte dos Media e Comunicação, Universidade Lusófona - Centro Universitário
de Lisboa, 2025 675 ## $a7.038.5(043)$vBN$zpor$31221253 675 ## $a658.8(043)$vBN$zpor$3326842 700 #1 $aReis,$bMariana Sacramento Costa dos$31991481 702 #1 $aFlores,$bMaria Teresa Silva Guerreiro Mendes$4727$31708114 801 #0 $aPT$bBN$gRPC 966 ## $lBN$mFGMON$sB.A. 53688 V.$x1 971 ## $corlando$d20260316 972 ## $e0$z0$d20260416$vlrevez 973 ## $cigoulao$d20260410
|
|
|